Government launches next stage of energy review (Record no. 70384)

MARC details
000 -LEADER
fixed length control field 01066cam a2200217 4500
001 - CONTROL NUMBER
control field WB3820-09
008 - FIXED-LENGTH DATA ELEMENTS--GENERAL INFORMATION
fixed length control field 020528n2002 000 0 eng u
035 ## - SYSTEM CONTROL NUMBER
System control number (Sirsi) u118195
245 ## - TITLE STATEMENT
Title Government launches next stage of energy review
260 ## - PUBLICATION, DISTRIBUTION, ETC.
Date of publication, distribution, etc. 2002
490 ## - SERIES STATEMENT
Series statement RICS Environment Faculty News
Volume/sequential designation 27 May 2002 (1)
520 ## - SUMMARY, ETC.
Summary, etc. The government is consulting on how the UK's energy will be generated. The consultation period will end 13 September, leading to a white paper around the end of the year. Environment secretary Margaret Beckett said the review would be underpinned by the need to move towards a loaw carbon economy to respond to the UK's climate change targets set out in the Kyoto agreements. http://www.dti.gov.uk/energy/developep/index.htm(Energy policy: key issues for consultation)
590 ## - LOCAL NOTE (RLIN)
Local note WB
650 ## - SUBJECT ADDED ENTRY--TOPICAL TERM
Topical term or geographic name entry element CONSULTATION
650 ## - SUBJECT ADDED ENTRY--TOPICAL TERM
Topical term or geographic name entry element LOW CARBON ECONOMY
650 ## - SUBJECT ADDED ENTRY--TOPICAL TERM
Topical term or geographic name entry element CLIMATE CHANGE
650 ## - SUBJECT ADDED ENTRY--TOPICAL TERM
Topical term or geographic name entry element ENERGY POLICY
650 ## - SUBJECT ADDED ENTRY--TOPICAL TERM
Topical term or geographic name entry element DTI
690 ## - LOCAL SUBJECT ADDED ENTRY--TOPICAL TERM (OCLC, RLIN)
Topical term or geographic name as entry element ENVIRONMENTAL AND LAND CONSULTANCY-ENERGY-ENERGY USE-ENERGY EFFICIENCY
942 ## - ADDED ENTRY ELEMENTS (KOHA)
Suppress in OPAC 0
Holdings
Withdrawn status Lost status Source of classification or shelving scheme Damaged status Not for loan Home library Current library Shelving location Date acquired Total Checkouts Full call number Barcode Date last seen Copy number Price effective from Koha item type
    Dewey Decimal Classification     London London News article 28/05/2002   WB3820-09 118195-1001 06/08/2019 1 06/08/2019 News article